| 000 | 00919nam a22001937a 4500 | ||
|---|---|---|---|
| 003 | BR-ViAPE | ||
| 005 | 20260422123013.0 | ||
| 008 | 260422s1916 por gs||||s000 0 por d | ||
| 040 | _cBR-ViAPE | ||
| 110 |
_aEspírito Santo _bEstado |
||
| 245 | _aMensagem apresentada ao Congresso Legislativo do Estado do Espírito Santo em 12 de outubro de 1916 pelo Presidente do Estado Dr. Bernardino de Souza Monteiro | ||
| 260 |
_aVitória _bSociedade de Artes Graphicas _c1916 |
||
| 300 |
_a44 p. _bDocumento digitalizado (PDF) |
||
| 500 | _aDocumento digitalizado do acervo institucional do Arquivo Público do Estado do Espírito Santo - APEES. | ||
| 650 |
_aAdministração pública _zEspírito Santo |
||
| 651 |
_aEspírito Santo _xAdministração pública |
||
| 856 |
_uhttps://ape.es.gov.br/Media/ape/PDF/Mensagens/Mensagem-2024/Mensagem%20-%20ano%201916.pdf _yCLIQUE AQUI PARA ACESSAR O DOCUMENTO |
||
| 942 |
_2ddc _cMSGREL _n1 |
||
| 999 |
_c552 _d552 |
||